<?xml version="1.0" encoding="UTF-8"?>
<marc:record xmlns:marc="http://www.loc.gov/MARC21/slim">
   <marc:leader>00000nam a2200000 a 4500</marc:leader>
   <marc:datafield ind1="1" ind2=" " tag="100">
      <marc:subfield code="a">Franz, Andreas</marc:subfield>
      <marc:subfield code="4">aut</marc:subfield>
      <marc:subfield code="e">Verfasser/-in</marc:subfield>
   </marc:datafield>
   <marc:datafield ind1="1" ind2=" " tag="100">
      <marc:subfield code="a">Holbe, Daniel</marc:subfield>
      <marc:subfield code="4">aut</marc:subfield>
      <marc:subfield code="e">Verfasser/-in</marc:subfield>
   </marc:datafield>
   <marc:datafield ind1=" " ind2=" " tag="653">
      <marc:subfield code="a">Cold Case</marc:subfield>
   </marc:datafield>
   <marc:datafield ind1=" " ind2=" " tag="653">
      <marc:subfield code="a">Julia Durant</marc:subfield>
   </marc:datafield>
   <marc:datafield ind1="0" ind2="0" tag="245">
      <marc:subfield code="a">Der doppelte Tod (23)</marc:subfield>
   </marc:datafield>
   <marc:datafield ind1="0" ind2="0" tag="245">
      <marc:subfield code="b">Julia Durants neuer Fall</marc:subfield>
   </marc:datafield>
   <marc:datafield ind1=" " ind2="1" tag="264">
      <marc:subfield code="a">München</marc:subfield>
      <marc:subfield code="b">Knaur</marc:subfield>
      <marc:subfield code="c">2023</marc:subfield>
   </marc:datafield>
   <marc:datafield ind1="1" ind2=" " tag="490">
      <marc:subfield code="a">Julia Durant ermittelt</marc:subfield>
      <marc:subfield code="v">23</marc:subfield>
   </marc:datafield>
   <marc:datafield ind1=" " ind2=" " tag="250">
      <marc:subfield code="a">1. Auflage</marc:subfield>
   </marc:datafield>
   <marc:datafield ind1="1" ind2=" " tag="520">
      <marc:subfield code="a">Verlagstext:&lt;br/&gt;&lt;br/&gt;Julia Durants neuer Fall: Ein Cold Case wird wieder heiß!&lt;br/&gt;&lt;br/&gt;Vor dreißig Jahren wurde eine junge Frau ermordet, deren Leiche jetzt in einem alten Steinbruch in der Wetterau auftaucht.&lt;br/&gt;&lt;br/&gt;Vor zwanzig Jahren starb der Mann, der damals schon auf der Liste der Verdächtigen stand - ebenfalls ermordet, in einem Eifersuchtsdrama.&lt;br/&gt;&lt;br/&gt;Gegen diesen rätselhaften Cold Case scheint Julia Durants aktueller Fall, eine blutige Messerstecherei in der Frankfurter Innenstadt, reine Routine. Doch dann stellt sich heraus: Die DNA des verstorbenen Opfers passt zu einer Probe, die man bei einer Frauenleiche fand. Es ist die Leiche im Steinbruch...</marc:subfield>
   </marc:datafield>
   <marc:datafield ind1=" " ind2=" " tag="020">
      <marc:subfield code="a">9783426525944</marc:subfield>
      <marc:subfield code="9">9783426525944</marc:subfield>
   </marc:datafield>
   <marc:datafield ind1=" " ind2=" " tag="041">
      <marc:subfield code="a">ger</marc:subfield>
   </marc:datafield>
   <marc:datafield ind1="0" ind2=" " tag="490">
      <marc:subfield code="v">23</marc:subfield>
   </marc:datafield>
   <marc:datafield ind1="1" ind2=" " tag="521">
      <marc:subfield code="a">0</marc:subfield>
   </marc:datafield>
   <marc:datafield ind1=" " ind2=" " tag="300">
      <marc:subfield code="a">432 Seiten</marc:subfield>
   </marc:datafield>
</marc:record>
